載入...

From Germany to Germany: journal of the year, 1990 /

書目詳細資料
主要作者: Grass, Gunter
其他作者: Winston, Krishna (Translator)
格式: Printed Book
語言:English
出版: London: Harvill Secker, c2012.
主題:
LEADER 00729 a2200205 4500
008 150103s9999 000 0 eng
020 |a 9781846554735 
082 |a 838.91403 
100 |a Grass, Gunter. 
245 |a From Germany to Germany:  |b journal of the year, 1990 /  |c Gunter Grass;translated from German by Krishna Winston 
260 |a London:  |b Harvill Secker,  |c c2012. 
300 |a 264 p. 
650 |a Autobiography 
653 |a History 
653 |a Europe 
653 |a Germany 
700 |a Winston, Krishna.  |e Translator. 
942 |c BK 
999 |c 308471  |d 308471 
952 |0 0  |1 0  |2 ddc  |4 0  |6 838_914030000000000_GRA_FR  |7 0  |9 354021  |a DRA  |b DRA  |c ST1  |d 2017-07-04  |i 9972  |l 0  |o 838.91403 GRA/FR  |p DRA9972  |r 2019-01-03  |v 650.00  |w 2019-01-03  |y BK